Manolo Valdes (Record no. 10595)

MARC details
000 - LÍDER
campo de control de longitud fija 01256nam a2200253Ia 4500
008 - ELEMENTOS DE DATOS DE LONGITUD FIJA - INFORMACIÓN GENERAL
campo de control de longitud fija 0000001990 ve ad 0000000000spa00
020 ## - INTERNATIONAL STANDARD BOOK NUMBER
International Standard Book Number 9806042468
090 ## - NÚMERO DE LLAMADA DE TIPO LC LOCALMENTE ASIGNADO (OCLC)
Número de clasificación (OCLC) (R) PSP00 M15m
245 10 - TÍTULO DECLARACIÓN
Título Manolo Valdes
Declaración de responsabilidad / fotografías Edward Gorn
260 ## - PUBLICACIÓN, DISTRIBUCIÓN
Lugar de publicación Caracas : Galería Freites
Fecha de publicación 1990
300 ## - DESCRIPCIÓN FÍSICA
Alcance 36 p.
Dimensiones / 27 cm.
500 ## - NOTA GENERAL
Nota general Exposición realizada en la Galería Freites, Caracas, octubre a noviembre de 1990 \ Incluye cronología del artista \ Registro auspiciado por la FGAA. Bogotá
501 ## - Con nota
Con nota Manolo Valdes : retratar los iconos ancestrales / José María Salvador
505 ## - NOTA DE CONTENIDO FORMATEADA
Nota sobre el contenido formateado OBRAS : Mickey mouse Mickey mouse I Infanta Margarita (cabeza) Infanta Margarita Ribera San Felipe Las tres gracias Señoritas D'Avignon Bonnard La mujer en el baño El baño El baño I Conde Duque de Olivares El principe Baltasar Carlos IV La chica con la pelota
600 00 - ENTRADA DE SUJETO AÑADIDO - NOMBRE PERSONAL
Nombre de la persona VALDES, MANOLO, 1942/
Subdivisión general TRABAJOS PICTORICOS
650 14 - ENTRADA DE SUJETO AÑADIDO - TÉRMINO TÓPICO
Término tópico o elemento de entrada del nombre geográfico ARTE CONTEMPORANEO ESPAÑOL
650 14 - ENTRADA DE SUJETO AÑADIDO - TÉRMINO TÓPICO
Término tópico o elemento de entrada del nombre geográfico ARTISTAS PLASTICOS ESPAÑOLES EXPOSIONES
650 14 - ENTRADA DE SUJETO AÑADIDO - TÉRMINO TÓPICO
Subdivisión general CATALOGOS
650 14 - ENTRADA DE SUJETO AÑADIDO - TÉRMINO TÓPICO
Subdivisión general EXPOSICIONES
650 14 - ENTRADA DE SUJETO AÑADIDO - TÉRMINO TÓPICO
Término tópico o elemento de entrada del nombre geográfico PINTORES ESPAÑOLES
650 14 - ENTRADA DE SUJETO AÑADIDO - TÉRMINO TÓPICO
Término tópico o elemento de entrada del nombre geográfico PINTURA AL OLEO
650 14 - ENTRADA DE SUJETO AÑADIDO - TÉRMINO TÓPICO
Término tópico o elemento de entrada del nombre geográfico PINTURA ESPAÑOLA
700 1# - ENTRADA AGREGADA - NOMBRE PERSONAL
Nombre de la persona Gorn, Edward \ Salvador, José María
Holdings
Estado de retirada Pérdida de estatus Estado dañado No para préstamo Código de recogida Ubicación permanente Ubicación actual Ubicación de las estanterías Fecha de adquisición Número de llamada completo Código de barras Fecha de la última vez que se vio Número de copia Precio efectivo desde Tipo de artículo Koha
        General ArtNexus ArtNexus General 06/09/2022 P-SP-00 M15M 10693 06/09/2022 Ej.1 06/09/2022 Libro

Powered by Koha